00711nam a2200241 a 4500001001300000003000900013005001700022008004100039020002300080082001500103100001800118245003700136260003900173300000900212500003500221505001000256650002400266700001800290902000800308942000700316952012900323999001700452nice12345678IN_TiNIC20260116014440.0050524s2004 newa grp 000 0 eng  a8180281 c57500a181.4bMUL aMuller, F Max aSix Systems of Indian Philosophy aNew Delhi bChronicle Books c2004 a294p aincludes index and biblioraphy2 aIndex aPhilosophy-Oriental1 aMuller, F Max bSRS cBK 001040708StackRoom-aHMIbHMId2007-03-16g575.00l10o181.4 MULp020980r2024-04-10s2024-03-25v575.00w2005-05-24yBK c15369d15369